|
|
|
|
| LEADER |
00778nam a2200241za 4500 |
| 001 |
001001364 |
| 003 |
CZ BrMZK |
| 005 |
20100316140507.0 |
| 007 |
ta |
| 008 |
080626s2007 enka|||er|||||||||||engod |
| 020 |
|
|
|a 9781741042023
|q (brož.)
|
| 040 |
|
|
|a BOA001
|b cze
|
| 080 |
9 |
|
|a 821.111(036)
|
| 100 |
1 |
|
|a Else, David
|7 mzk2004241541
|4 aut
|
| 245 |
1 |
0 |
|a Walking in Britain /
|c David Else and others
|
| 260 |
|
|
|a London :
|b Lonely Planet,
|c 2007
|
| 300 |
|
|
|a 492 s. :
|b il.
|
| 653 |
0 |
|
|a Velká Británie
|
| 655 |
|
7 |
|a průvodce
|7 fd133154
|2 czenas
|
| 910 |
|
|
|a BOA001
|b AK-0002.909
|
| 990 |
|
|
|a BK
|
| 991 |
|
|
|b 200908
|y British Council Brno - Czech Republic
|z 000049955
|x 99
|
| 996 |
7 |
|
|b 261E007654
|c AK-0002.909
|l Anglická knihovna/2.patro
|r ZHR
|n 10
|h BG
|w 001001364
|u 000010
|a 0
|e BOA001
|j MZK50
|s A
|